000 00525nam a2200181Ia 4500
003 GCL
008 140319s9999 xx 000 0 ara d
040 _aGCL /
_cGCL
082 0 4 _a338.9
_bم ت
100 1 _aمنى قاسم
245 1 0 _aالتلوث البيئى والتنمية الاقتصادية /
_cمنى قاسم
260 _a[S.N] :
_bالدار المصرية اللبنانية ،
_c1993
300 _a175 ص
490 _a
650 0 4 _aالبيئة
650 0 4 _aتلوث البيئة
942 _2ddc
_cBK
999 _c30168
_d30168